<?xml version="1.0" encoding="UTF-8"?>
<record
    xmlns:xsi="http://www.w3.org/2001/XMLSchema-instance"
    xsi:schemaLocation="http://www.loc.gov/MARC21/slim http://www.loc.gov/standards/marcxml/schema/MARC21slim.xsd"
    xmlns="http://www.loc.gov/MARC21/slim">

  <leader>00965nam a22002177a 4500</leader>
  <controlfield tag="005">20150820115408.0</controlfield>
  <controlfield tag="008">150820b2011    ck |||||r|||| 00| 0 spa d</controlfield>
  <datafield tag="040" ind1=" " ind2=" ">
    <subfield code="a">CO-BoIAVH </subfield>
    <subfield code="c">CO-BoIAVH </subfield>
  </datafield>
  <datafield tag="041" ind1="0" ind2=" ">
    <subfield code="a">spa</subfield>
  </datafield>
  <datafield tag="044" ind1=" " ind2=" ">
    <subfield code="a">ck</subfield>
  </datafield>
  <datafield tag="090" ind1=" " ind2=" ">
    <subfield code="a">FG-</subfield>
    <subfield code="b">0014</subfield>
  </datafield>
  <datafield tag="100" ind1="1" ind2=" ">
    <subfield code="a">Nivia Delgado, Elsa Mar&#xED;a</subfield>
    <subfield code="e">Textos</subfield>
    <subfield code="e">Editora</subfield>
  </datafield>
  <datafield tag="245" ind1="1" ind2=" ">
    <subfield code="a">Historia del poblamiento en Cubarral (Meta) /</subfield>
    <subfield code="c">Elsa Mar&#xED;a Nivia Delgado</subfield>
  </datafield>
  <datafield tag="260" ind1="3" ind2=" ">
    <subfield code="a">Bogot&#xE1; (Colombia):</subfield>
    <subfield code="b">Ministerio de Ambiente y Desarrollo Sostenible,</subfield>
    <subfield code="b">Parques Nacionales Naturales de Colombia,</subfield>
    <subfield code="c">2011.</subfield>
  </datafield>
  <datafield tag="300" ind1=" " ind2=" ">
    <subfield code="a">30 p.</subfield>
    <subfield code="b">fotograf&#xED;as, color, mapas.</subfield>
    <subfield code="c">21 cm.</subfield>
  </datafield>
  <datafield tag="650" ind1=" " ind2="4">
    <subfield code="a">Campesinos</subfield>
    <subfield code="x">Aspectos sociales</subfield>
    <subfield code="x">Tierra</subfield>
    <subfield code="z">Cubarral (Meta, Colombia)</subfield>
  </datafield>
  <datafield tag="650" ind1=" " ind2="4">
    <subfield code="a">Campesinos</subfield>
    <subfield code="x">Aspectos sociales</subfield>
    <subfield code="x">Fauna</subfield>
    <subfield code="z">Cubarral (Meta, Colombia)</subfield>
  </datafield>
  <datafield tag="650" ind1=" " ind2="4">
    <subfield code="a">Caracterizaci&#xF3;n ecol&#xF3;gica y cultural</subfield>
    <subfield code="x">Campesinos</subfield>
    <subfield code="z">Cubarral (Meta, Colombia)</subfield>
  </datafield>
  <datafield tag="650" ind1=" " ind2="4">
    <subfield code="a">Valoraci&#xF3;n cultural</subfield>
    <subfield code="z">Cubarral (Meta, Colombia)</subfield>
  </datafield>
  <datafield tag="942" ind1=" " ind2=" ">
    <subfield code="2">z</subfield>
    <subfield code="c">Folleto</subfield>
  </datafield>
  <datafield tag="999" ind1=" " ind2=" ">
    <subfield code="c">17696</subfield>
    <subfield code="d">17696</subfield>
  </datafield>
  <datafield tag="952" ind1=" " ind2=" ">
    <subfield code="0">0</subfield>
    <subfield code="1">0</subfield>
    <subfield code="2">z</subfield>
    <subfield code="4">0</subfield>
    <subfield code="7">0</subfield>
    <subfield code="8">GENERAL</subfield>
    <subfield code="I">INV2017</subfield>
    <subfield code="a">Bogota</subfield>
    <subfield code="b">Bogota</subfield>
    <subfield code="d">2015-08-20</subfield>
    <subfield code="l">0</subfield>
    <subfield code="o">FG-0014</subfield>
    <subfield code="p">042123</subfield>
    <subfield code="r">2015-08-20 00:00:00</subfield>
    <subfield code="t">Ej. 1</subfield>
    <subfield code="w">2015-08-20</subfield>
    <subfield code="x">Entregado</subfield>
    <subfield code="y">Folleto</subfield>
  </datafield>
</record>
